00384nam a2200097Ia 4500008004100000100002100041245010200062260003900164650001500203856006800218160712s9999 xx 000 0 und d aBaunto, Assad L. cAssad L. Baunto,aMoney Growth and Velocity with Structural Breaks: Evidence from the Philippines c2012bPhilippine Management Review xMANAGEMENT uhttp://journals.upd.edu.ph/index.php/pmr/issue/view/248/showToc